مكتبة جامعة عجلون الوطنية

فهرس بحث المكتبة

Normal view MARC view
  • جمع وشرح ودراسة نور الدين،حسن محمد

Entry Personal Name

Number of records used in: 1

001 - CONTROL NUMBER

  • control field: 7894

003 - CONTROL NUMBER IDENTIFIER

  • control field: JO-AjAnu

005 - DATE AND TIME OF LATEST TRANSACTION

  • control field: 20230606071556.0

008 - FIXED-LENGTH DATA ELEMENTS

  • fixed length control field: 230606|| aca||aabn | a|a d

040 ## - CATALOGING SOURCE

  • Original cataloging agency: JO-AjAnu
  • Transcribing agency: JO-AjAnu

100 ## - HEADING--PERSONAL NAME

  • Personal name: جمع وشرح ودراسة نور الدين،حسن محمد

670 ## - SOURCE DATA FOUND

  • Source citation: Work cat.: (JO-AjAnu)4078: جمع وشرح ودراسة نور الدين،حسن محمد, author, ديوان عدي بن الرقاع العاملي شاعر أهل الشام 95هـ - 714م